К вопросу определения критических насыщенностей на примере исследований крена Первомайского месторождения; Известия Томского политехнического университета [Известия ТПУ]; Т. 305, вып. 8 : Геология и разработка нефтяных и газовых месторождений

Detalles Bibliográficos
Parent link:Известия Томского политехнического университета [Известия ТПУ]/ Томский политехнический университет (ТПУ).— , 2000-
Т. 305, вып. 8 : Геология и разработка нефтяных и газовых месторождений.— 2002.— [С. 153-157]
Outros autores: Городников М. А., Ледовская Т. И., Щемелина Ю. А., Квеско Б. Б.
Summary:Заглавие с титульного листа
Электронная версия печатной публикации
Проведен анализ экспериментальных фазовых проницаемостей, полученных в условиях, приближенных к пластовым, и теоретических, рассчитанных по кривым капиллярного давления, с целью сопоставления предельных значений насыщенности коллекторов. Показано, что оценка фазовых проницаемостей по кривым капиллярного давления возможна как дополнение к получаемым при проведении фильтрационных экспериментов на установках, моделирующих термобарические условия изучаемого пласта.
Idioma:ruso
Publicado: 2002
Series:Разработка нефтяных и газовых месторождений
Subjects:
Acceso en liña:http://www.lib.tpu.ru/fulltext/v/Bulletin_TPU/2002/v305/i8/26.pdf
Formato: MixedMaterials Electrónico Capítulo de libro
KOHA link:https://koha.lib.tpu.ru/cgi-bin/koha/opac-detail.pl?biblionumber=166894

MARC

LEADER 00000nla2a2200000 4500
001 166894
005 20231031162613.0
035 |a (RuTPU)RU\TPU\book\181027 
035 |a RU\TPU\book\181026 
090 |a 166894 
100 |a 20091008d2002 k y0rusy50 ca 
101 0 |a rus 
102 |a RU 
135 |a drnn ---uucaa 
181 0 |a i  
182 0 |a b 
200 1 |a К вопросу определения критических насыщенностей на примере исследований крена Первомайского месторождения  |b Электронный ресурс  |f М. А. Городников [и др.] 
203 |a Текст  |c электронный 
215 |a 1 файл (760 Кб) 
225 1 |a Разработка нефтяных и газовых месторождений 
230 |a Электронные текстовые данные (1 файл : 760 Кб) 
300 |a Заглавие с титульного листа 
300 |a Электронная версия печатной публикации 
320 |a [Библиогр.: с. 157 (6 назв.)] 
330 |a Проведен анализ экспериментальных фазовых проницаемостей, полученных в условиях, приближенных к пластовым, и теоретических, рассчитанных по кривым капиллярного давления, с целью сопоставления предельных значений насыщенности коллекторов. Показано, что оценка фазовых проницаемостей по кривым капиллярного давления возможна как дополнение к получаемым при проведении фильтрационных экспериментов на установках, моделирующих термобарические условия изучаемого пласта. 
337 |a Adobe Reader 
461 1 |0 (RuTPU)RU\TPU\book\176237  |t Известия Томского политехнического университета [Известия ТПУ]  |f Томский политехнический университет (ТПУ)  |d 2000- 
463 1 |0 (RuTPU)RU\TPU\book\180913  |t Т. 305, вып. 8 : Геология и разработка нефтяных и газовых месторождений  |o тематический выпуск  |v [С. 153-157]  |d 2002  |p 279 с. 
610 1 |a критическая насыщенность 
610 1 |a экспериментальные результаты 
610 1 |a керны 
610 1 |a Первомайское месторождение 
610 1 |a кривые фазовой проницаемости 
610 1 |a кривые капиллярного давления 
610 1 |a капиллярное давление 
610 1 |a предельные значения 
610 1 |a коллекторы 
610 1 |a фильтрационные эксперименты 
610 1 |a установки 
610 1 |a термобарические условия 
610 1 |a пласты 
610 1 |a труды учёных ТПУ 
610 1 |a электронный ресурс 
701 1 |a Городников  |b М. А. 
701 1 |a Ледовская  |b Т. И. 
701 1 |a Щемелина  |b Ю. А. 
701 1 |a Квеско  |b Б. Б. 
801 1 |a RU  |b 63413507  |c 20090623  |g PSBO 
801 2 |a RU  |b 63413507  |c 20210421  |g PSBO 
856 4 |u http://www.lib.tpu.ru/fulltext/v/Bulletin_TPU/2002/v305/i8/26.pdf 
942 |c CF